Mario - Statystyki

Ogólne statystyki
  • Ten quiz został rozwiązany 23 razy
  • Średni wynik to 32 z 79
Statystyki odpowiedzi
Zagadnienie Komórka Select % Poprawnych
0 0 Tak
82%
0 11 Nie
76%
0 12 Nie
76%
0 13 Nie
76%
0 14 Nie
76%
0 15 Nie
76%
0 4 Nie
71%
0 6 Nie
71%
0 7 Nie
71%
0 8 Nie
71%
0 9 Nie
71%
0 3 Nie
65%
0 5 Nie
65%
6 (-) Nie
59%
6 (--) Nie
59%
0 10 Nie
59%
6 () Nie
53%
6 (++) Nie
53%
1 Mario races Nie
53%
7 No! Nie
53%
7 Yeses Nie
53%
7 Yess Nie
53%
6 30 Nie
47%
3 Mario 5 Nie
47%
3 Mario 7 Nie
47%
3 Mario 8 Nie
47%
1 Mario races 2 Nie
47%
7 No Nie
47%
6 (+) Nie
41%
1 Tak
41%
1 Tak
41%
0 1 Tak
41%
0 2 Tak
41%
3 Mario 6 Nie
41%
3 Mario 9 Nie
41%
2 Marjo Nie
41%
5 W Nie
41%
2 Warjo Nie
41%
7 Yes Nie
41%
6 Game!!!!!!! Nie
35%
2 Luigj Nie
35%
2 Lujgi Nie
35%
2 Mario Tak
35%
3 Mario 4 Nie
35%
5 W Nie
35%
5 W Nie
35%
2 Walujgi Nie
35%
7 Brother Tak
29%
7 Game Tak
29%
4 Game 2 Nie
29%
2 Luigi Tak
29%
3 Mario 3 Nie
29%
4 Mario maker 1 Nie
29%
4 Nintendo Tak
29%
4 Player Tak
29%
5 W Nie
29%
5 W Nie
29%
2 Wario Tak
29%
1 Tak
24%
6 1 Tak
24%
6 2 Tak
24%
4 Game Tak
24%
7 Grandpa Tak
24%
5 M Tak
24%
3 Mario Tak
24%
3 Mario 2 Tak
24%
4 Mario Bros Tak
24%
4 Nintendo switch Tak
24%
2 Waluigi Tak
24%
5 Wl Tak
24%
7 Dad Tak
18%
5 L Tak
18%
1 Mario kart 8 Tak
18%
1 Mario maker 2 Tak
18%
1 Mario Odyssey Tak
18%
4 Player 2 Tak
18%
5 Wm Tak
18%
4 Mario bros Wii Tak
12%
1 Mario Odyssey 2 Tak
12%
Nie znaleziono quizów pasujących do podanych kryteriów
Rozkład punktacji
Procent ludzi z każdym wynikiem
Percentyl według liczby udzielonych odpowiedzi
Twoja historia wyników
Nie rozwiązałeś tego quizu